Southville International School and Colleges
Your cart is empty.
  • Cart
  • Lists
    Public lists Eva Luna New books Lux_list list_1
    Your lists Log in to create your own lists
  • Log in to your account
  • Your cookies
  • Search history
Southville International School and Colleges
  • Advanced search
  • Recent comments
  • Most popular
  • Libraries

Log in to your account

Log in with GOOGLE


If you do not have an external account, but do have a local account, you can still log in:

  1. Home
  2. MARC view: Horrorscopes :
Normal view MARC view ISBD view

Horrorscopes : (Record no. 11623)

[ view plain ]
MARC details
000 -LEADER
fixed length control field 00602nam a22002177a 4500
003 - CONTROL NUMBER IDENTIFIER
control field PILC
005 - DATE AND TIME OF LATEST TRANSACTION
control field 20160114143130.0
008 - FIXED-LENGTH DATA ELEMENTS--GENERAL INFORMATION
fixed length control field 130918t xxu||||| |||| 00| 0 eng d
020 ## - INTERNATIONAL STANDARD BOOK NUMBER
International Standard Book Number 0749718617
050 ## - LIBRARY OF CONGRESS CALL NUMBER
Classification number PZ 7
Item number .P173 1995
082 ## - DEWEY DECIMAL CLASSIFICATION NUMBER
Classification number FIC
Item number P18ho 1995
100 ## - MAIN ENTRY--PERSONAL NAME
Personal name Palmer, Maria
9 (RLIN) 20759
245 ## - TITLE STATEMENT
Title Horrorscopes :
Remainder of title leo : blood ties
Statement of responsibility, etc Maria Palmer.
260 ## - PUBLICATION, DISTRIBUTION, ETC. (IMPRINT)
Place of publication, distribution, etc Great Britain :
Name of publisher, distributor, etc Mammoth,
Date of publication, distribution, etc c1995.
300 ## - PHYSICAL DESCRIPTION
Extent 115 p. :
Dimensions 18 cm.
650 ## - SUBJECT ADDED ENTRY--TOPICAL TERM
Topical term or geographic name as entry element Horror stories.
9 (RLIN) 3825
650 ## - SUBJECT ADDED ENTRY--TOPICAL TERM
Topical term or geographic name as entry element Horoscopes
General subdivision Fiction.
9 (RLIN) 20762
650 ## - SUBJECT ADDED ENTRY--TOPICAL TERM
Topical term or geographic name as entry element Fate
General subdivision Fiction.
9 (RLIN) 20763
942 ## - ADDED ENTRY ELEMENTS (KOHA)
Source of classification or shelving scheme Library of Congress Classification
Koha item type Books
Holdings
Withdrawn status Lost status Source of classification or shelving scheme Damaged status Home library Current library Shelving location Date acquired Total Checkouts Full call number Barcode Date last seen Copy number Price effective from Koha item type
    Library of Congress Classification   Luxembourg Library Luxembourg Library Fiction Section 09/18/2013   PZ 7 .P173 1995 8629 09/18/2013 1 09/18/2013 Books

Horrorscopes :

APA

Palmer M., . (1995). Horrorscopes. Great Britain: Mammoth.

Chicago

Palmer Maria, . 1995. Horrorscopes. Great Britain: Mammoth.

Harvard

Palmer M., . (1995). Horrorscopes. Great Britain: Mammoth.

MLA

Palmer Maria, . Horrorscopes. Great Britain: Mammoth. 1995.

  • Place hold
  • Print
  • Cite
  • Add to your cart (remove)
  • Save record
    BIBTEX Dublin Core MARCXML MARC (non-Unicode/MARC-8) MARC (Unicode/UTF-8) MARC (Unicode/UTF-8, Standard) MODS (XML) RIS
  • More searches
    Search for this title in:
    Other Libraries (WorldCat) Other Databases (Google Scholar) Online Stores (Bookfinder.com) Open Library (openlibrary.org)

Exporting to Dublin Core...

SOUTHVILLE LIBRARY

Southville International School and Colleges Library

1281 Tropical Ave. Cor. Luxembourg St., BF Homes International, Las Pinas City

Tel. No. 8256374 / 252358 Loc. 117/146

Powered by Koha